Statistics for Main Jedi and Sith

Click here to take the quiz!

General Stats

  • This quiz has been taken 18 times
  • The average score is 11 of 13

Answer Stats

HintAnswer% Correct
Da skywalkerluke
100%
Vaderanakin
94%
old benobi wan
94%
countdooku
88%
fake vaderkylo
88%
purple sabermace
88%
his masterqui gon
88%
old green manyoda
88%
facepaintmaul
82%
chancellorpalpatine
82%
four sabersgrievous
71%
scavengerrey
71%
scar mansnoke
53%

Score Distribution

Percentile by Number Answered

Percent of People with Each Score

Your Score History

You have not taken this quiz